000 00594nam a22001457a 4500
020 _a0-590-54389-X
082 _a823
_bGAR/G
100 _aGARNER, ALAN
245 _a.GREY WOLF, PRINCE JACK AND THE FIREBIRD
260 _aNEW DELHI
_bSCHOLASTIC LTD
_c1998
300 _a48
520 _aHis first book, The Weirdstone of Brisingamen: A Tale of Alderley (1960), is a fantasy tale in which twins Colin and Susan must contend with supernatural forces after discovering that they possess a magical gem. It is set in Alderley Edge in Garner's native Cheshire.
650 _aSHORT STORY
942 _cBK
999 _c6057
_d6057